000 00498nam a2200181Ia 4500
008 090124s9999 xx 000 0 und d
082 _b107902
100 _aमुन्शी के.एम्.
245 _a प्रतिशोध
250 _a1
260 _c1960
300 _a132
600 _aमुन्शी के.एम्.
630 _a प्रतिशोध
700 _aमुन्शी के.एम्.
730 _a प्रतिशोध
942 _cBOOK
999 _c153993
_d153993